000 00388pab a2200157 454500
008 180718b2007 xxu||||| |||| 00| 0 eng d
100 _aSuresh Babu GS
245 _aAffirmative action: beyond the quest for merit versus quota
260 _c2007
300 _ap.316-25.
362 _aJul-Sep
650 _aBackward classes
773 _aSocial Action
908 _aN
909 _a75232
999 _c75232
_d75232